000 00947nam a2200217 a 4500
001 000012058
005 20240412074229.0
008 091104s2002 dr 000 j spa d
020 _a9993473081
040 _aDO-SdBNP
_bspa
_cBNPHU
082 _aRD863.44
_bC764e, 2002
100 1 _aContreras, Hilma,
_d1913-2006
_914873
245 1 0 _aEntre dos silencios /
_cHilma Contreras.
260 _aSanto Domingo :
_bEditora de Colores,
_c2002.
300 _a105 p. ;
_c22 cm.
505 2 _tPlenitud --
_tLa cabellera --
_tEl cumpleaños de Vitalina --
_tEl incendio --
_tCanícula --
_tLa espera --
_tArgonautas --
_tLa ventana --
_tGaletea --
_tUna visita --
_tEl entierro de Marisol --
_tMire, mamita --
_tCatador --
_tAhora seremos felices --
_tEl hombre que murió frente al mar --
_tSimplón.
590 _aInventariado, 2020/MFF
650 0 _aCuentos dominicanos
_9176
650 0 _aLiteratura dominicana.
_967
910 _aValidado. Control de calidad MMOLINA
999 _c11725
_d11725